Statistiques concernant Tous les pokémon de Spectra

Cliquez ici pour prendre le quiz!

Statistiques générales

  • Ce quiz a été pris 21 fois
  • Le résultat moyen est 6 sur 7

Statistiques - réponses

HintRéponse% Correct
Rubis Oméga
& Saphir Alpha
Noctunoir
100%
Branette
94%
Ténéfix
88%
Magirève
82%
Rubis & SaphirTéraclope
82%
Grodrive
65%
Lugulabre
53%

Distribution des résultats

Percentile par nombre de réponses

% des personnes avec chaque résultat

Votre développement - résultats

Vous n’avez pas pris ce quiz